Statistics for African countries in 120 seconds

Click here to take the quiz!

General Stats

  • This quiz has been taken 64 times
  • The average score is 38 of 54

Answer Stats

Answer% Correct
Egypt
93%
Morocco
90%
Algeria
86%
Libya
86%
Niger
86%
Tunisia
86%
Cameroon
83%
DR Congo
83%
Kenya
83%
Somalia
83%
Gabon
79%
Nigeria
79%
South Africa
79%
South Sudan
79%
Tanzania
79%
Benin
76%
Chad
76%
Gambia
76%
Liberia
76%
Mali
76%
Sudan
76%
Togo
76%
Djibouti
72%
Ghana
72%
Guinea
72%
Lesotho
72%
Zimbabwe
72%
Central African Republic
69%
Mauritania
69%
Rwanda
69%
Angola
66%
Botswana
66%
Burkina Faso
66%
Burundi
66%
Côte d'Ivoire
66%
Eritrea
66%
Malawi
66%
Namibia
66%
Seychelles
66%
Zambia
66%
Congo
62%
Eswatini
62%
Ethiopia
62%
Guinea-Bissau
62%
Madagascar
62%
Sierra Leone
62%
Uganda
62%
Comoros
59%
Mauritius
59%
Sao Tome & Principe
59%
Equatorial Guinea
55%
Mozambique
55%
Senegal
55%
Cabo Verde
38%

Score Distribution

Percentile by Number Answered

Percent of People with Each Score

Your Score History

You have not taken this quiz